[Event "Benidorm op U2200 10th"]
[Site "Benidorm"]
[Date "2011.12.02"]
[Round "1"]
[White "Rangelod Mayhalod, Georgi"]
[Black "Romagosa Cerda, Ismael"]
[Result "1-0"]
[WhiteElo "1960"]
[BlackElo "1748"]
[PlyCount "75"]
[EventDate "2011.12.02"]
[EventType "swiss"]
[EventRounds "10"]
[EventCountry "ESP"]
[SourceTitle "CBM 145 Extra"]
[Source "ChessBase"]
[SourceDate "2012.01.03"]
[SourceVersion "1"]
[SourceVersionDate "2012.01.03"]
[SourceQuality "1"]

1. e4 d5 2. e5 e6 3. d4 c5 4. c3 Nc6 5. Nf3 h6 6. Bd3 Qb6 7. 0-0 Bd7 8. dxc5 Bxc5 9. b4 Bf8 10. a4 a6 11. Na3 Qc7 12. Re1 Na7 13. Qb3 Rc8 14. Bd2 g6 15. Nc2 b5 16. a5 Bg7 17. Ncd4 Ne7 18. Qd1 Nac6 19. Qe2 0-0 20. Rac1 Nxd4 21. Nxd4 Nc6 22. f4 Nxd4 23. cxd4 Qa7 24. Be3 Rxc1 25. Rxc1 Rc8 26. Rxc8+ Bxc8 27. Qc2 Bd7 28. g4 Bf8 29. Bxg6 Kg7 30. Bd3 Bxb4 31. f5 Bxa5 32. Qf2 Bd8 33. f6+ Kf8 34. Qh4 Bc8 35. Qxh6+ Ke8 36. Qg7 Qb6 37. Bg6 fxg6 38. f7+ 1-0